00311nam a2200133Ia 4500008004000000041000800040082001100048100001900059245002400078260004300102650001300145650000800158650001100166210210b1965 xxu||||| |||| 00| 0 eng d aeng a333/83 aVERGHESE (B G) aDesign for tomorrow aBombaybThe Times of India Pressc1965 atomorrow afor aDesign